Polskie miasta na I według podpowiedzi - Statystyki

Ogólne statystyki
  • Ten quiz został rozwiązany 56 razy
  • Średni wynik to 5 z 10
Statystyki odpowiedzi
Podpowiedź Miasto % Poprawnych
Ma ponad 60 tysięcy mieszkańców. Stolica Kujaw Zachodnich. Inowrocław
92%
Jedyne miasto z tego zestawienia posiadające dworzec główny z nazwy. Iława
77%
Zdrój w województwie podkarpackim. Iwonicz-Zdrój
58%
Lubuskie miasto, które od powyższego różni się tylko jedną literą. Iłowa
54%
W latach 1975-1977 był częścią Tychów, a w 1977-1994 częścią Mysłowic. Imielin
52%
Leży w powiecie radomskim. Słynie z zamku biskupów krakowskich. Biegnie tędy DK 9. Iłża
44%
Jedna jest kujawska z nazwy, a druga w województwie lubelskim i bez kościoła. Izbica
40%
W tym zachodniopomorskim mieście znajduje się pomnik raka. Ińsko
23%
Ruiny tamtejszego zamku widnieją na miniaturce tego quizu. Inowłódz
13%
Leży około 3 km na północny zachód od zamku Krzyżtopór. Iwaniska
8%
Nie znaleziono quizów pasujących do podanych kryteriów
Rozkład punktacji
Procent ludzi z każdym wynikiem
Percentyl według liczby udzielonych odpowiedzi
Twoja historia wyników
Nie rozwiązałeś tego quizu